Periyodik Tablo Element Sembolleri - Statistics

General Stats
  • This quiz has been taken 96 times
  • The average score is 56 of 118
Answer Stats
Hint Answer % Correct
Be Berilyum
97%
B Bor
97%
H Hidrojen
97%
Li Lityum
97%
O Oksijen
97%
N Azot
95%
He Helyum
95%
C Karbon
95%
Mg Magnezyum
95%
Ne Neon
95%
Fe Demir
92%
Cr Krom
92%
Na Sodyum
92%
Al Alüminyum
89%
Cu Bakır
89%
Si Silisyum
89%
F Flor
89%
Cl Klor
89%
Ni Nikel
89%
Ar Argon
87%
Zn Çinko
87%
Ag Gümüş
87%
Ca Kalsiyum
87%
S Kükürt
87%
Au Altın
84%
Hg Cıva
84%
P Fosfor
84%
K Potasyum
84%
Br Brom
82%
Pb Kurşun
79%
Co Kobalt
76%
Ga Galyum
74%
Ge Germanyum
74%
I İyot
66%
Fr Fransiyum
63%
Pt Platin
63%
Ti Titanyum
63%
U Uranyum
63%
Sn Kalay
61%
Ba Baryum
58%
Xe Ksenon
58%
Po Polonyum
55%
Mn Manganez
53%
Ra Radyum
53%
Sc Skandiyum
53%
As Arsenik
50%
Se Selenyum
50%
Am Amerikyum
47%
Kr Kripton
45%
V Vanadyum
45%
Es Aynştaynyum
42%
Pu Plütonyum
42%
Rb Rubidyum
42%
Th Toryum
42%
At Astatin
39%
Np Neptünyum
39%
No Nobelyum
39%
W Tungsten
39%
Cf Kaliforniyum
37%
La Lantan
37%
Pd Paladyum
37%
Ts Tennesin
37%
Zr Zirkonyum
37%
Og Oganesson
34%
Rf Rutherfordiyum
34%
Bh Bohriyum
32%
Os Osmiyum
32%
Rn Radon
32%
Te Tellür
32%
Bi Bizmut
29%
Hf Hafniyum
29%
In İndiyum
29%
Ir İridyum
29%
Cd Kadmiyum
29%
Md Mendelevyum
29%
Cs Sezyum
29%
Ta Tantal
29%
Y İtriyum
26%
Mo Molibden
26%
Re Renyum
26%
Ru Rutenyum
26%
Sg Seaborgiyum
26%
Ac Aktinyum
24%
Ds Darmstadtiyum
24%
Db Dubniyum
24%
Eu Evropiyum
24%
Hs Hassiyum
24%
Cn Kopernikyum
24%
Tl Talyum
24%
Tc Teknesyum
24%
Sb Antimon
21%
Cm Küriyum
21%
Lv Livermoryum
21%
Mc Moskoviyum
21%
Rh Rodyum
21%
Ce Seryum
21%
Sr Stronsiyum
21%
Fl Flerovyum
18%
Nh Nihoniyum
18%
Nb Niyobyum
18%
Rg Röntgenyum
18%
Bk Berkelyum
16%
Fm Fermiyum
16%
Yb İterbiyum
16%
Nd Neodimyum
16%
Sm Samaryum
16%
Gd Gadolinyum
13%
Lr Lavrensiyum
13%
Lu Lutesyum
13%
Pr Praseodim
13%
Pa Protaktinyum
13%
Ho Holmiyum
11%
Mt Meitneriyum
11%
Tm Tulyum
11%
Dy Disprozyum
8%
Er Erbiyum
8%
Tb Terbiyum
8%
Pm Prometyum
5%
No matching quizzes found
Score Distribution
Percent of People with Each Score
Percentile by Number Answered
Your Score History
You have not taken this quiz